| 000 | 01155nam a2200229Ia 4500 | ||
|---|---|---|---|
| 999 |
_c52486 _d52486 |
||
| 001 | 19509 | ||
| 003 | GE_BSU | ||
| 005 | 20251107152443.0 | ||
| 008 | 181216s1975||||ge |||||||||||||| ||geo|| | ||
| 040 | _cGE_BSU | ||
| 041 | _ageo | ||
| 080 | _a811.353.1-26(075.8) ს-29 | ||
| 100 |
_aსარჯველაძე, ზურაბ _926187 |
||
| 245 |
_aქართული სალიტერატურო ენის ისტორიის საკითხები : _bდამხმარე სახელმძღვანელო პედაგოგიური ინსტიტუტების სტუდენტებისათვის / _cზურაბ სარჯველაძე. |
||
| 264 |
_aთბილისი _bგანათლება, _c1975 |
||
| 300 |
_a271 გვ.; _b22 სმ. |
||
| 300 | _bდამოწმებული წყაროები: გვ. 246-270. | ||
| 541 | _h2ლ.62თ. | ||
| 653 | _aქართული ლიტერატურა | ||
| 653 | _aქართული სალიტერატურო ენის ისტორია | ||
| 942 |
_cBK _2udc |
||